[Event "Gibraltar"]
[Site "Catalan Bay GIB"]
[Date "2010.02.03"]
[EventDate "2010.01.26"]
[Round "9"]
[Result "1-0"]
[White "Antoaneta Stefanova"]
[Black "Samuel Shankland"]
[WhiteElo "2545"]
[BlackElo "2491"]
[PlyCount "77"]

1. d4 d5 2. c4 c6 3. Nf3 Nf6 4. e3 e6 5. Bd3 Bd6 6. b3 Nbd7
7. Bb2 Qe7 8. Ne5 Nxe5 9. dxe5 Bb4+ 10. Nd2 Nd7 11. O-O O-O
12. f4 g6 13. Nf3 dxc4 14. bxc4 Ba3 15. Bd4 b6 16. Ng5 Bb7
17. Qg4 Rfd8 18. Rad1 Bc5 19. Qh3 Nf8 20. Bxc5 Qxc5 21. Ne4
Qa3 22. Nd6 Ba6 23. Be4 Qc5 24. Rd4 b5 25. cxb5 Bxb5 26. Nb7
Qb6 27. Nxd8 Rxd8 28. Rxd8 Qxd8 29. Ra1 f5 30. exf6 Qxf6
31. Rb1 Bc4 32. a4 Ba2 33. Rf1 c5 34. Qf3 c4 35. Qd1 Bb3
36. Qd4 Qxd4 37. exd4 Nd7 38. a5 Nf6 39. Bf3 1-0

[Event "Gibraltar"]
[Site "Catalan Bay GIB"]
[Date "2010.02.04"]
[EventDate "2010.01.26"]
[Round "10"]
[Result "1-0"]
[White "Geetha Narayanan Gopal"]
[Black "Antoaneta Stefanova"]
[WhiteElo "2584"]
[BlackElo "2545"]
[PlyCount "163"]

1. e4 e5 2. Nf3 Nc6 3. Bb5 a6 4. Ba4 Nf6 5. O-O Be7 6. Re1 b5
7. Bb3 O-O 8. h3 d6 9. c3 Bb7 10. d4 Re8 11. Nbd2 Bf8 12. d5
Nb8 13. Nf1 Nbd7 14. Ng3 Nc5 15. Bc2 c6 16. b4 Ncd7 17. dxc6
Bxc6 18. Bb3 Nb6 19. Nh2 h6 20. Qf3 Nc4 21. Ng4 Nxg4 22. Qxg4
Bd7 23. Nf5 Kh7 24. Bxc4 bxc4 25. Qf3 Qf6 26. Rd1 Rad8 27. a4
Bxf5 28. Qxf5+ Qxf5 29. exf5 d5 30. Be3 d4 31. cxd4 exd4
32. Rxd4 Rxd4 33. Bxd4 Bxb4 34. Rc1 Re4 35. Bc3 Bc5 36. Kf1
Rf4 37. f3 Be3 38. Rd1 Rxf5 39. Rd6 a5 40. Rc6 Rd5 41. Rxc4
Bb6 42. Ke2 h5 43. Re4 f6 44. Re7 Kg6 45. g4 hxg4 46. hxg4 Bd4
47. Bd2 Kh7 48. Rb7 Be5 49. Ra7 Rd4 50. Rxa5 Bf4 51. Bc3 Rd8
52. Rf5 Re8+ 53. Kf1 Be3 54. Rd5 Kg6 55. a5 Rc8 56. Be1 Rc6
57. Ke2 Bg1 58. Kf1 Be3 59. Rb5 Ba7 60. Rb7 Bd4 61. Rd7 Rc4
62. Ke2 Ra4 63. Kd3 Be5 64. Bd2 f5 65. Rd5 Kf6 66. f4 Bc7
67. Rc5 Bd6 68. Rxf5+ Ke6 69. Ke2 g6 70. Rb5 Bxf4 71. Rb4 Rxb4
72. Bxb4 Kd5 73. Kd3 Bb8 74. Bd2 Bc7 75. a6 Kc6 76. a7 Kb7
77. Be3 Bg3 78. Ke4 Bc7 79. Kd5 g5 80. Bxg5 Kxa7 81. Be3+ Kb7
82. g5 1-0

[Event "European Individual Championships (Women)"]
[Site "Rijeka CRO"]
[Date "2010.03.07"]
[EventDate "2010.03.06"]
[Round "2"]
[Result "1-0"]
[White "Antoaneta Stefanova"]
[Black "Sopiko Guramishvili"]
[WhiteElo "2555"]
[BlackElo "2266"]
[PlyCount "81"]

1. d4 d5 2. c4 c6 3. Nf3 Nf6 4. e3 Bg4 5. cxd5 cxd5 6. Nc3
Nbd7 7. Qb3 Bxf3 8. gxf3 Qb6 9. Nxd5 Nxd5 10. Qxd5 e6 11. Qb5
Bb4+ 12. Kd1 Qd6 13. a3 Bc5 14. Bd2 Qd5 15. Be2 a6 16. Qc4
Qxc4 17. Bxc4 Bd6 18. f4 Ke7 19. e4 Rhd8 20. Ke2 Bc7 21. Rac1
Rac8 22. Bb3 Nf6 23. Kd3 Ng4 24. Rhf1 e5 25. Bd5 exf4 26. h3
Nh6 27. Rc2 Bd6 28. Rxc8 Rxc8 29. e5 Bb8 30. Bxb7 Rd8 31. Bxf4
Ba7 32. d5 Rb8 33. Bxa6 Rxb2 34. d6+ Kd7 35. Rc1 Bb6 36. Bc8+
Ke8 37. Bg5 Rb5 38. Rc6 f6 39. exf6 Rxg5 40. Rxb6 gxf6 41. Be6
1-0

[Event "European Individual Championships (Women)"]
[Site "Rijeka CRO"]
[Date "2010.03.08"]
[EventDate "2010.03.06"]
[Round "3"]
[Result "1-0"]
[White "Antoaneta Stefanova"]
[Black "Veronika Schneider"]
[WhiteElo "2555"]
[BlackElo "2314"]
[PlyCount "75"]

1. d4 Nf6 2. Nf3 g6 3. Nc3 d5 4. Bf4 Bg7 5. Qd2 O-O 6. Bh6 c6
7. Bxg7 Kxg7 8. Ne5 Nbd7 9. O-O-O Nxe5 10. dxe5 Ng4 11. e4 Qa5
12. exd5 Nxe5 13. Qd4 f6 14. f4 Nf7 15. Qe3 Bg4 16. Rd2 Rfe8
17. dxc6 bxc6 18. h3 Bc8 19. Bc4 Rb8 20. Bb3 e5 21. fxe5 Rxe5
22. Qf3 Be6 23. Qxc6 Bxb3 24. axb3 Rb4 25. Rd7 Qa1+ 26. Nb1
Qa5 27. Qc7 Qxc7 28. Rxc7 Re2 29. g4 a5 30. Nc3 Re5 31. Rd1
Rb8 32. Rdd7 Rf8 33. Nd5 h5 34. c4 h4 35. Ra7 g5 36. Ne7 Rc5
37. Nf5+ Kg6 38. Nd6 1-0

[Event "European Individual Championships (Women)"]
[Site "Rijeka CRO"]
[Date "2010.03.10"]
[EventDate "2010.03.06"]
[Round "5"]
[Result "1-0"]
[White "Antoaneta Stefanova"]
[Black "Eva Moser"]
[WhiteElo "2555"]
[BlackElo "2437"]
[PlyCount "89"]

1. d4 d5 2. c4 c6 3. Nf3 Nf6 4. e3 Bf5 5. cxd5 cxd5 6. Qb3 Qc7
7. Bd2 e6 8. Nc3 Nc6 9. Rc1 Be7 10. Bb5 O-O 11. Ne5 Nd7
12. Nxd7 Qxd7 13. Na4 Rfc8 14. O-O Rab8 15. a3 Bd8 16. Nc5 Qe7
17. Qa4 h5 18. b4 a6 19. Be2 e5 20. Bxh5 exd4 21. Bf3 Be4
22. Nxe4 dxe4 23. Bg4 Rc7 24. exd4 Nxd4 25. Bc3 Nb5 26. Bb2
Rxc1 27. Rxc1 Bb6 28. Rf1 Rd8 29. Qc2 Nd4 30. Qc3 Qg5 31. Bd1
Nb5 32. Qh3 e3 33. fxe3 Qxe3+ 34. Qxe3 Bxe3+ 35. Kh1 Bd4
36. Bc1 Rc8 37. Bb3 Bf6 38. g4 Nd4 39. Bd5 Rc2 40. g5 Be5
41. Bxf7+ Kh8 42. Bf4 Re2 43. Bxe5 Rxe5 44. Rf4 Nf5 45. Bg6
1-0

[Event "European Individual Championships (Women)"]
[Site "Rijeka CRO"]
[Date "2010.03.11"]
[EventDate "2010.03.06"]
[Round "6"]
[Result "0-1"]
[White "Ketevan Arakhamia-Grant"]
[Black "Antoaneta Stefanova"]
[WhiteElo "2447"]
[BlackElo "2555"]
[PlyCount "116"]

1. e4 e5 2. Nf3 Nc6 3. Bb5 Nf6 4. d3 Bc5 5. O-O d6 6. c3 O-O
7. Nbd2 Bb6 8. Nc4 Ne7 9. Nxb6 axb6 10. h3 Ng6 11. Re1 c6
12. Bc4 b5 13. Bb3 h6 14. d4 Qe7 15. Nh2 Be6 16. Bc2 Bxa2
17. b3 Ra6 18. Be3 c5 19. dxc5 dxc5 20. Nf1 c4 21. b4 Qe6
22. Qc1 Nh5 23. Bd1 Nhf4 24. Qd2 Nd3 25. Re2 Rfa8 26. Ng3 Ngf4
27. Bxf4 Nxf4 28. Re3 g6 29. Bg4 Qb6 30. Qd7 Kf8 31. Rd1 Bb3
32. Rd2 h5 33. Bxh5 gxh5 34. Nf5 Qf6 35. h4 Ng6 36. g3 Qc6
37. Kh2 Qxd7 38. Rxd7 Rf6 39. Rxb7 Ba4 40. Re2 Kg8 41. Rd2 Nf8
42. Kg2 Ne6 43. Ne3 Rd8 44. Nd5 Kf8 45. f3 Rg6 46. Kf2 Ng7
47. Re2 Rgd6 48. Rd2 Ne8 49. Re2 Nf6 50. Ne3 Rd3 51. Rb6 Ng8
52. Nd5 Ne7 53. Nf6 Rxc3 54. Nxh5 Bd1 55. Re3 Rc2+ 56. Ke1 Rh2
57. g4 Ba4 58. Kf1 Ng6 0-1

[Event "European Individual Championships (Women)"]
[Site "Rijeka CRO"]
[Date "2010.03.12"]
[EventDate "2010.03.06"]
[Round "7"]
[Result "1/2-1/2"]
[White "Antoaneta Stefanova"]
[Black "Viktorija Cmilyte"]
[WhiteElo "2555"]
[BlackElo "2485"]
[PlyCount "60"]

1. Nf3 Nf6 2. c4 g6 3. Nc3 c5 4. d4 cxd4 5. Qxd4 Bg7 6. g3 Nc6
7. Qd1 d6 8. Bg2 Be6 9. Nd4 Nxd4 10. Qxd4 O-O 11. Qd3 Rc8
12. Nd5 Nd7 13. Bg5 Bxd5 14. Bxd5 Bxb2 15. Rb1 Bg7 16. Qa3 Nc5
17. Be3 Rc7 18. Bxc5 Rxc5 19. Qxa7 Ra5 20. Qxb7 Rxa2 21. h4 h5
22. Kf1 Rc2 23. Be4 Rd2 24. Bd3 Qa8 25. Qxa8 Rxa8 26. Kg2 Bf6
27. Rhd1 Rda2 28. Rb5 Kg7 29. Rd5 Be5 30. Rb5 R8a5 1/2-1/2

[Event "European Individual Championships (Women)"]
[Site "Rijeka CRO"]
[Date "2010.03.14"]
[EventDate "2010.03.06"]
[Round "8"]
[Result "1/2-1/2"]
[White "Yelena Dembo"]
[Black "Antoaneta Stefanova"]
[WhiteElo "2457"]
[BlackElo "2555"]
[PlyCount "145"]

1. e4 e5 2. Nf3 Nc6 3. d4 exd4 4. Nxd4 Bc5 5. Nb3 Bb6 6. Qe2
Nd4 7. Nxd4 Bxd4 8. c3 Bb6 9. Na3 a6 10. Nc4 Ba7 11. e5 b5
12. Ne3 Ne7 13. Ng4 d6 14. Bf4 O-O 15. O-O-O Ng6 16. g3 Be6
17. Bg2 Rb8 18. exd6 Nxf4 19. gxf4 cxd6 20. Bd5 Bxg4 21. Qxg4
Bxf2 22. Rd3 b4 23. Rf1 Qh4 24. Qxh4 Bxh4 25. cxb4 Rxb4 26. b3
a5 27. Bc4 Rd8 28. Rfd1 Be7 29. Rd5 a4 30. Ra5 axb3 31. axb3
Rb7 32. Kc2 Kf8 33. Rd3 Bf6 34. Ra6 Be7 35. Ra5 h6 36. h3 g6
37. Rf3 Bf6 38. Rd3 Kg7 39. Ra6 Be7 40. Ra5 Rc7 41. Kd1 Rdc8
42. Ke2 Bf8 43. Kf3 Re8 44. Re3 Rb8 45. Rd3 Be7 46. Kg2 Rb6
47. Kf3 Rbb7 48. Kg2 Rc5 49. Rd5 Rbc7 50. Kf3 h5 51. Ke3 h4
52. Kd3 Bf6 53. Rb5 Bb2 54. Rbxc5 dxc5 55. Bb5 Bc1 56. f5 g5
57. Rd7 Rxd7+ 58. Bxd7 Kf6 59. Ke4 g4 60. hxg4 Kg5 61. Kf3 Bf4
62. Bc6 h3 63. Bd7 h2 64. Kg2 Kxg4 65. Bc8 Kg5 66. Bd7 Kf6
67. Kh1 Ke5 68. Kg2 Kd4 69. Be8 f6 70. Bd7 Kc3 71. Be6 Kc2
72. Bd5 Be5 73. Be6 1/2-1/2

[Event "European Individual Championships (Women)"]
[Site "Rijeka CRO"]
[Date "2010.03.15"]
[EventDate "2010.03.06"]
[Round "9"]
[Result "1-0"]
[White "Antoaneta Stefanova"]
[Black "Natalia Zhukova"]
[WhiteElo "2555"]
[BlackElo "2491"]
[PlyCount "45"]

1. d4 d5 2. c4 e6 3. Nf3 Nf6 4. g3 dxc4 5. Bg2 c5 6. O-O cxd4
7. Qxd4 Qxd4 8. Nxd4 a6 9. Nd2 Bc5 10. Nc2 Nd5 11. Nxc4 Bd7
12. b4 Ba7 13. e4 Nb6 14. Nd6+ Ke7 15. Nxb7 Rc8 16. Ne3 Na4
17. Rd1 Nc3 18. Rd2 Bd4 19. Bb2 Nc6 20. Re1 Rc7 21. Nd5+ exd5
22. exd5+ Be6 23. d6+ 1-0

[Event "Russian Team Championships (Women)"]
[Site "Dagomys RUS"]
[Date "2010.04.02"]
[EventDate "2010.04.01"]
[Round "2"]
[Result "0-1"]
[White "Alexandra Kosteniuk"]
[Black "Antoaneta Stefanova"]
[WhiteElo "2524"]
[BlackElo "2555"]
[PlyCount "84"]

1. e4 e5 2. Nf3 Nc6 3. Bb5 Nf6 4. O-O Nxe4 5. d4 Nd6 6. Bxc6
dxc6 7. dxe5 Nf5 8. Qxd8+ Kxd8 9. Nc3 Bd7 10. Rd1 Kc8 11. Ng5
Be8 12. Rd3 h6 13. Nge4 Be7 14. Bf4 Bd7 15. h3 Nh4 16. Be3 b6
17. Ng3 h5 18. f4 Be6 19. Nce2 Bd5 20. Nd4 Nxg2 21. Ndf5 Bf8
22. Rad1 h4 23. Nf1 g6 24. c4 Bxc4 25. Rd8+ Kb7 26. Rxa8 Kxa8
27. Rd8+ Kb7 28. Kxg2 gxf5 29. Nd2 Bxa2 30. b3 a5 31. Bd4 a4
32. Kf1 Rg8 33. bxa4 Bd5 34. a5 bxa5 35. Bc5 Bxc5 36. Rxg8 a4
37. Nb1 a3 38. Nxa3 Bxa3 39. Rh8 c5 40. Rxh4 c4 41. Ke2 Be4
42. Kd2 Bb4+ 0-1

[Event "Russian Team Championships (Women)"]
[Site "Dagomys RUS"]
[Date "2010.04.03"]
[EventDate "2010.04.01"]
[Round "3"]
[Result "1/2-1/2"]
[White "Antoaneta Stefanova"]
[Black "Natalia Zhukova"]
[WhiteElo "2555"]
[BlackElo "2492"]
[PlyCount "50"]

1. d4 d5 2. c4 e6 3. Nf3 Nf6 4. g3 Bb4+ 5. Bd2 Be7 6. Bg2 O-O
7. O-O c6 8. Qc2 b6 9. Bf4 Nbd7 10. Rd1 Ba6 11. Ne5 Rc8
12. Nd2 Nxe5 13. Bxe5 Ng4 14. e4 dxc4 15. Nxc4 Bxc4 16. Qxc4
b5 17. Qe2 Nxe5 18. dxe5 Qc7 19. f4 Bc5+ 20. Kh1 Rfd8 21. Bf1
Bd4 22. a4 bxa4 23. Rxa4 Qb6 24. Rd2 g6 25. Ra3 c5 1/2-1/2

[Event "Russian Team Championships (Women)"]
[Site "Dagomys RUS"]
[Date "2010.04.05"]
[EventDate "2010.04.01"]
[Round "5"]
[Result "1-0"]
[White "Antoaneta Stefanova"]
[Black "Tatjana Molchanova"]
[WhiteElo "2555"]
[BlackElo "2369"]
[PlyCount "107"]

1. d4 d5 2. c4 c6 3. Nf3 Nf6 4. e3 Bf5 5. Nc3 e6 6. Nh4 Bg6
7. Nxg6 hxg6 8. g3 Nbd7 9. Qe2 Be7 10. Bg2 dxc4 11. Qxc4 e5
12. O-O Nb6 13. Qe2 Qc7 14. dxe5 Qxe5 15. e4 g5 16. h3 Bc5
17. Qf3 Rd8 18. Qf5 Qxf5 19. exf5 g4 20. Re1+ Kf8 21. h4 Nc4
22. b3 Nd6 23. Rd1 Bb6 24. Ba3 Bc7 25. Rd4 Rh5 26. Rad1 Ke7
27. Na4 Rxf5 28. Nc5 Rb8 29. Re1+ Kd8 30. Nxb7+ Rxb7 31. Bxd6
Bxd6 32. Rxd6+ Rd7 33. Rxc6 Rd2 34. Rf1 Rxa2 35. Rd1+ Ke7
36. Rc7+ Kf8 37. Rd8+ Ne8 38. Bc6 Re5 39. Rcc8 Rae2 40. b4
Re1+ 41. Kg2 f6 42. Ra8 Re7 43. Bd7 Kf7 44. h5 R1e5 45. Bxg4
f5 46. Bd1 Re4 47. b5 Rb4 48. Bf3 Nc7 49. Rf8+ Ke6 50. Rxa7
Rxb5 51. Bb7 Kd6 52. Bc8 Rb8 53. Rd8+ Ke5 54. f4+ 1-0

[Event "Women Grand Prix Jermuk"]
[Site "Jermuk ARM"]
[Date "2010.06.24"]
[EventDate "2010.06.24"]
[Round "1"]
[Result "0-1"]
[White "Antoaneta Stefanova"]
[Black "Nana Dzagnidze"]
[WhiteElo "2560"]
[BlackElo "2478"]
[PlyCount "80"]

1. d4 Nf6 2. c4 e6 3. Nf3 d5 4. Nc3 c6 5. e3 Nbd7 6. Bd3 dxc4
7. Bxc4 b5 8. Bd3 Bd6 9. Ng5 Bb7 10. Qf3 a6 11. a4 h6 12. Qh3
b4 13. Nce4 Be7 14. Bc4 O-O 15. Nxf6+ Bxf6 16. Nxe6 fxe6
17. Bxe6+ Rf7 18. O-O Qe7 19. a5 c5 20. Bd2 Re8 21. Bb3 Kh8
22. dxc5 Rff8 23. Bxb4 Ne5 24. Ba3 Bc8 25. Qg3 Bh4 26. c6 Bxg3
27. Bxe7 Bxf2+ 28. Rxf2 Rxf2 29. Kxf2 Rxe7 30. Bd5 Rc7 31. Kg3
Nxc6 32. Rc1 Bb7 33. b4 Rc8 34. e4 Nxb4 35. Rb1 Bxd5 36. Rxb4
Bc4 37. Rb7 Rc5 38. Kf4 Rxa5 39. e5 Ra2 40. Rc7 Bb5 0-1

[Event "Women Grand Prix Jermuk"]
[Site "Jermuk ARM"]
[Date "2010.06.26"]
[EventDate "2010.06.24"]
[Round "3"]
[Result "1-0"]
[White "Antoaneta Stefanova"]
[Black "Yuhua Xu"]
[WhiteElo "2560"]
[BlackElo "2484"]
[PlyCount "87"]

1. d4 e6 2. c4 Nf6 3. Nf3 b6 4. g3 Ba6 5. Qc2 Bb4+ 6. Bd2 Be7
7. e4 d5 8. cxd5 Bxf1 9. Kxf1 exd5 10. e5 Ne4 11. Nc3 Nxc3
12. bxc3 Qd7 13. h4 Nc6 14. Re1 O-O-O 15. h5 Kb7 16. Kg2 Rdf8
17. Qd3 Nd8 18. Re2 Ne6 19. Nh2 g6 20. h6 Re8 21. f4 f5
22. exf6 Bxf6 23. Rhe1 Rhf8 24. Qf3 Re7 25. Ng4 Bh8 26. c4 Rf5
27. Bc3 Re8 28. Ne3 Ng5 29. Qf1 Rf7 30. Nxd5 Rxe2+ 31. Rxe2 c6
32. Qh1 cxd5 33. fxg5 Qg4 34. Qe1 Qxg5 35. Re8 Bf6 36. Qe6 Rc7
37. Rf8 Be7 38. Rf7 Bd6 39. Rf3 Qe7 40. Qxd5+ Kb8 41. c5 bxc5
42. Ba5 Rd7 43. Qg8+ Kb7 44. Rb3+ 1-0

[Event "Women Grand Prix Jermuk"]
[Site "Jermuk ARM"]
[Date "2010.06.29"]
[EventDate "2010.06.24"]
[Round "6"]
[Result "1-0"]
[White "Antoaneta Stefanova"]
[Black "Elina Danielian"]
[WhiteElo "2560"]
[BlackElo "2473"]
[PlyCount "55"]

1. d4 Nf6 2. Nf3 g6 3. Nc3 d5 4. Bf4 Bg7 5. Qd2 O-O 6. Bh6 c6
7. Bxg7 Kxg7 8. Ne5 Nbd7 9. f4 Qc7 10. g3 b5 11. Bg2 Nb6
12. O-O Bf5 13. a4 b4 14. Nd1 a5 15. c3 c5 16. Ne3 bxc3
17. Qxc3 Rfc8 18. g4 Ne4 19. Qd3 c4 20. Qa3 Bxg4 21. N5xg4 h5
22. Ne5 e6 23. f5 exf5 24. Nxf5+ gxf5 25. Rxf5 c3 26. Bxe4 f6
27. Kh1 dxe4 28. Rg1+ 1-0

[Event "Women Grand Prix Jermuk"]
[Site "Jermuk ARM"]
[Date "2010.07.02"]
[EventDate "2010.06.24"]
[Round "8"]
[Result "1/2-1/2"]
[White "Antoaneta Stefanova"]
[Black "Baira Kovanova"]
[WhiteElo "2560"]
[BlackElo "2366"]
[PlyCount "50"]

1. d4 Nf6 2. Bg5 c5 3. Bxf6 gxf6 4. d5 Qb6 5. Qc1 Bh6 6. e3 f5
7. g3 Bg7 8. c3 d6 9. Ne2 Nd7 10. Bg2 Ne5 11. O-O Bd7 12. Nd2
O-O-O 13. a4 Kb8 14. Qc2 Rc8 15. a5 Qd8 16. Rfb1 h5 17. h4 Ng4
18. b4 Bb5 19. bxc5 Bxe2 20. c6 Rc7 21. a6 b6 22. Re1 Bb5
23. Reb1 Be2 24. Re1 Bb5 25. Reb1 Be2 1/2-1/2

[Event "Women Grand Prix Jermuk"]
[Site "Jermuk ARM"]
[Date "2010.07.03"]
[EventDate "2010.06.24"]
[Round "9"]
[Result "0-1"]
[White "Martha Lorena Fierro Baquero"]
[Black "Antoaneta Stefanova"]
[WhiteElo "2363"]
[BlackElo "2560"]
[PlyCount "82"]

1. e4 c6 2. d4 d5 3. e5 c5 4. dxc5 Nc6 5. Bb5 e6 6. Be3 Nge7
7. Nf3 Nf5 8. Bd4 Nfxd4 9. Qxd4 Qa5+ 10. Nc3 Qxb5 11. Nxb5
Nxd4 12. Nfxd4 Bxc5 13. Nb3 Bb6 14. O-O Ke7 15. Rac1 Bd7
16. Nd6 Rab8 17. c4 f6 18. cxd5 exd5 19. Rfd1 Be6 20. Nb5 fxe5
21. Re1 Kf6 22. Rc3 Bf5 23. Nd6 Bg6 24. Nc5 e4 25. Nd7+ Ke6
26. Nxb6 Kxd6 27. Na4 b5 28. Nc5 b4 29. Rcc1 Rhc8 30. Nb3 Rc4
31. Na5 Rxc1 32. Rxc1 Be8 33. Kf1 Bb5+ 34. Ke1 Rb6 35. Kd2 Ra6
36. Nb7+ Ke5 37. Rc5 Bf1 38. Rc1 Bc4 39. Nd8 Kd6 40. Nf7+ Ke6
41. Ng5+ Kf5 0-1

[Event "Women Grand Prix Jermuk"]
[Site "Jermuk ARM"]
[Date "2010.07.04"]
[EventDate "2010.06.24"]
[Round "10"]
[Result "1/2-1/2"]
[White "Antoaneta Stefanova"]
[Black "Tatiana Kosintseva"]
[WhiteElo "2560"]
[BlackElo "2534"]
[PlyCount "113"]

1. d4 Nf6 2. c4 e6 3. Nf3 d5 4. Nc3 Bb4 5. cxd5 exd5 6. Bg5
Nbd7 7. Qb3 c5 8. a3 Bxc3+ 9. Qxc3 c4 10. Nd2 O-O 11. e3 h6
12. Bf4 Nb6 13. a4 a5 14. Be2 Be6 15. Qa3 Qd7 16. Nb1 Rfc8
17. Be5 Qd8 18. f3 Bf5 19. Nc3 Bd3 20. Rd1 Nfd7 21. Bf4 Bxe2
22. Kxe2 Nf8 23. Rhe1 Rc6 24. Kf1 f5 25. Kg1 Qd7 26. Bg3 Ng6
27. Qa1 Rf8 28. Qc1 Re6 29. Qc2 Qc6 30. Nb5 Rf7 31. Ra1 Rf8
32. Qc3 Nxa4 33. Rxa4 Qxb5 34. Rxa5 Qd7 35. Bf2 Rb6 36. e4
fxe4 37. fxe4 Nf4 38. Bg3 Rb3 39. Qd2 Nd3 40. Rxd5 Qg4 41. Qd1
Qxd1 42. Rxd1 Rxb2 43. h4 Ra8 44. Kh2 b5 45. Rd7 Re8 46. e5 b4
47. Rc7 Ra2 48. Rf1 c3 49. Rff7 c2 50. Rxg7+ Kh8 51. Rh7+ Kg8
52. Rhg7+ Kh8 53. Rh7+ Kg8 54. Rcg7+ Kf8 55. Rf7+ Kg8
56. Rhg7+ Kh8 57. Rh7+ 1/2-1/2

[Event "Women Grand Prix Jermuk"]
[Site "Jermuk ARM"]
[Date "2010.07.05"]
[EventDate "2010.06.24"]
[Round "11"]
[Result "0-1"]
[White "Maia Chiburdanidze"]
[Black "Antoaneta Stefanova"]
[WhiteElo "2514"]
[BlackElo "2560"]
[PlyCount "74"]

1. d4 d5 2. c4 c6 3. Nf3 Nf6 4. e3 Bf5 5. Nc3 e6 6. Nh4 Be4
7. f3 Bg6 8. Qb3 Qc7 9. Bd2 Be7 10. g3 a6 11. Rc1 dxc4
12. Bxc4 Nbd7 13. Be2 Rd8 14. Nxg6 hxg6 15. O-O e5 16. dxe5
Nc5 17. Qc2 Qxe5 18. Rcd1 g5 19. Bc1 Bd6 20. f4 Qe6 21. fxg5
Qh3 22. Bf3 Ng4 23. Ne4 Nxe4 24. Qxe4+ Kf8 25. Rd2 Nxh2
26. Bg2 Nxf1 27. Bxh3 Nxd2 28. Qf5 Ne4 29. g6 Nf6 30. gxf7
Bxg3 31. Kg2 Rh5 32. Qg6 Rc5 33. Qxg3 Rxc1 34. Qc7 Rd2+
35. Kf3 g5 36. Qe5 g4+ 37. Kg3 Kxf7 0-1

[Event "FIDE Women Grand Prix"]
[Site "Ulaanbaatar MGL"]
[Date "2010.07.31"]
[EventDate "2010.07.30"]
[Round "2"]
[Result "1/2-1/2"]
[White "Antoaneta Stefanova"]
[Black "Maia Chiburdanidze"]
[WhiteElo "2560"]
[BlackElo "2514"]
[PlyCount "94"]

1. d4 e6 2. c4 Nf6 3. g3 Bb4+ 4. Bd2 Bxd2+ 5. Qxd2 d5 6. Nf3
c6 7. Bg2 Nbd7 8. Ne5 Nxe5 9. dxe5 Nd7 10. f4 b5 11. cxd5 cxd5
12. e4 dxe4 13. Nc3 Rb8 14. Nxe4 O-O 15. Nd6 f6 16. Rd1 Qb6
17. Rc1 fxe5 18. Rc6 Qd4 19. Qxd4 exd4 20. Bh3 Bb7 21. Bxe6+
Kh8 22. Nxb7 Rxb7 23. Kd2 Nb6 24. b3 g6 25. Re1 Kg7 26. Re5 b4
27. Kd3 Re7 28. Rec5 Rf6 29. Bg4 h5 30. Rxf6 Kxf6 31. Be2 Re3+
32. Kd2 h4 33. Rg5 hxg3 34. hxg3 Nc8 35. Rd5 Rxg3 36. Rxd4 a5
37. Rd5 g5 38. fxg5+ Rxg5 39. Rxg5 Kxg5 40. Ke3 Kf5 41. Kd4
Ne7 42. Bc4 Kf4 43. Be6 Ng6 44. Kc5 Ke5 45. Kb5 Kxe6 46. Kxa5
Kd6 47. Kxb4 Ke5 1/2-1/2

[Event "FIDE Women Grand Prix"]
[Site "Ulaanbaatar MGL"]
[Date "2010.08.01"]
[EventDate "2010.07.30"]
[Round "3"]
[Result "0-1"]
[White "Batkhuyag Munguntuul"]
[Black "Antoaneta Stefanova"]
[WhiteElo "2421"]
[BlackElo "2560"]
[PlyCount "108"]

1. e4 e5 2. Nf3 Nc6 3. Bb5 Nf6 4. O-O Nxe4 5. d4 Nd6 6. dxe5
Nxb5 7. a4 Nbd4 8. Nxd4 d5 9. exd6 Nxd4 10. Qxd4 Qxd6 11. Qe4+
Qe6 12. Re1 Qxe4 13. Rxe4+ Be6 14. Nc3 a6 15. Ne2 h6 16. Be3
O-O-O 17. Rd4 Be7 18. Rad1 g5 19. f3 f5 20. Kf2 Bd7 21. Rc4
Bc6 22. Rxd8+ Rxd8 23. b3 Rd1 24. Rd4 Ra1 25. g3 b5 26. axb5
axb5 27. b4 Rh1 28. Kg2 Rb1 29. Bd2 g4 30. Ng1 Rb2 31. Kf2
Rxc2 32. fxg4 fxg4 33. Ke1 h5 34. h3 Bf6 35. Rd3 Rb2 36. hxg4
hxg4 37. Ne2 Be4 38. Ra3 Bf3 39. Nf4 Rb1+ 40. Kf2 Bd4+ 41. Be3
Rxb4 42. Nd3 Bxe3+ 43. Kxe3 Re4+ 44. Kf2 Re2+ 45. Kf1 Re7
46. Nc5 Re5 47. Rc3 c6 48. Rc2 Kc7 49. Nd3 Re3 50. Rd2 Bd5
51. Nf4 Be4 52. Rd4 c5 53. Ne6+ Kc6 54. Nd8+ Kb6 0-1

[Event "FIDE Women Grand Prix"]
[Site "Ulaanbaatar MGL"]
[Date "2010.08.04"]
[EventDate "2010.07.30"]
[Round "5"]
[Result "1-0"]
[White "Antoaneta Stefanova"]
[Black "Tatiana Kosintseva"]
[WhiteElo "2560"]
[BlackElo "2562"]
[PlyCount "69"]

1.d4 Nf6 2.Bg5 d5 3.e3 g6 4.Bxf6 exf6 5.Ne2 Bd6 6.g3 c6 7.Bg2
f5 8.b3 Be6 9.Qd3 Nd7 10.Nd2 Nf6 11.c4 Ne4 12.c5 Bc7 13.b4 h5
14.Nf3 Qf6 15.h4 Qg7 16.O-O f6 17.b5 g5 18.bxc6 bxc6 19.Qa6
Bd7 20.Rab1 O-O 21.Rb7 Bc8 22.Rfb1 Bxb7 23.Rxb7 Qd7 24.hxg5
Nxg5 25.Nh4 Rfb8 26.Nf4 Rxb7 27.Qxb7 Rb8 28.Qxa7 Ne4 29.Bh3
Rb1+ 30.Kg2 Rb2 31.Bxf5 Qg7 32.Nxh5 Rxf2+ 33.Kg1 Qh6 34.Qa8+
Qf8 35.Be6+ 1-0

[Event "FIDE Women Grand Prix"]
[Site "Ulaanbaatar MGL"]
[Date "2010.08.06"]
[EventDate "2010.07.30"]
[Round "7"]
[Result "1-0"]
[White "Antoaneta Stefanova"]
[Black "Yuhua Xu"]
[WhiteElo "2560"]
[BlackElo "2488"]
[PlyCount "115"]

1. d4 e6 2. c4 Nf6 3. g3 Be7 4. Bg2 d5 5. Nf3 O-O 6. O-O dxc4
7. Qc2 a6 8. a4 Bd7 9. Qxc4 Bc6 10. Bf4 a5 11. Nc3 Na6
12. Rac1 Nb4 13. Ne5 Bxg2 14. Kxg2 Nbd5 15. Nxd5 Qxd5+
16. Qxd5 Nxd5 17. Bd2 c6 18. Rfd1 Rfd8 19. Nc4 Nb4 20. e3 f6
21. b3 Ra6 22. Kf3 h5 23. Ke2 Rd7 24. h3 Kf7 25. g4 hxg4
26. hxg4 Na2 27. Ra1 Nb4 28. g5 b5 29. gxf6 gxf6 30. Nb2 e5
31. axb5 cxb5 32. Bxb4 Bxb4 33. Nd3 Be7 34. dxe5 Rc7 35. Ra2
Rc3 36. Rda1 fxe5 37. Nxe5+ Ke6 38. Nf3 Bf6 39. Rxa5 Rxa5
40. Rxa5 Rxb3 41. Nd2 Rb4 42. Ra6+ Kf7 43. Kd3 Be5 44. Ne4
Rb3+ 45. Ke2 Rb2+ 46. Kf3 Rb4 47. Ng5+ Kg7 48. Rb6 Rb2 49. Ke4
Bf6 50. Ne6+ Kf7 51. f4 b4 52. Kf5 Be7 53. Rb7 Rc2 54. e4 Rc4
55. Nc7 Rc5+ 56. e5 Ra5 57. Ke4 Kg7 58. f5 1-0

[Event "FIDE Women Grand Prix"]
[Site "Ulaanbaatar MGL"]
[Date "2010.08.07"]
[EventDate "2010.07.30"]
[Round "8"]
[Result "1-0"]
[White "Koneru Humpy"]
[Black "Antoaneta Stefanova"]
[WhiteElo "2600"]
[BlackElo "2560"]
[PlyCount "69"]

1. d4 d5 2. c4 c6 3. Nc3 Nf6 4. e3 a6 5. Qc2 g6 6. Bd3 Bg7
7. Nf3 O-O 8. O-O Bg4 9. Ne5 Be6 10. c5 Nbd7 11. Nxd7 Nxd7
12. Bd2 f5 13. b4 Bf7 14. f4 e6 15. a4 g5 16. fxg5 Qxg5
17. Kh1 Bh6 18. Rf3 Kh8 19. Rg3 Qf6 20. Rf1 Rg8 21. Ne2 Rxg3
22. Nxg3 Rg8 23. b5 axb5 24. axb5 Qg7 25. bxc6 bxc6 26. Qa4
Nf6 27. Qxc6 Ng4 28. Rf3 Nxe3 29. Rxe3 f4 30. Rxe6 Bxe6
31. Qxe6 fxg3 32. Qxh6 Ra8 33. hxg3 Ra1+ 34. Kh2 Rd1 35. Be2
1-0

[Event "FIDE Women Grand Prix"]
[Site "Ulaanbaatar MGL"]
[Date "2010.08.08"]
[EventDate "2010.07.30"]
[Round "9"]
[Result "1-0"]
[White "Antoaneta Stefanova"]
[Black "Marie Sebag"]
[WhiteElo "2560"]
[BlackElo "2519"]
[PlyCount "61"]

1. Nf3 d5 2. c4 c6 3. e3 Nf6 4. Nc3 e6 5. Qc2 Nbd7 6. b3 Bd6
7. Bb2 O-O 8. Be2 b6 9. Rg1 Bb7 10. g4 c5 11. h4 Rc8 12. O-O-O
Ne4 13. Nxe4 dxe4 14. Ng5 Be5 15. Bxe5 Nxe5 16. Nxe4 Bxe4
17. Qxe4 Qf6 18. f4 Nc6 19. Kb1 Rfd8 20. h5 Rd6 21. g5 Qe7
22. Bd3 g6 23. hxg6 fxg6 24. a3 Rcd8 25. Bc2 a6 26. Rh1 b5
27. Rh2 bxc4 28. Rdh1 cxb3 29. Qxg6+ Kf8 30. Rxh7 bxc2+
31. Kc1 1-0